000 00585nam a2200193 a 4500
001 000043616
005 20201002044900.0
008 140331s1970 sp 000 0 spa d
040 _aDO-SdBNP
_bspa
_cBNPHU
082 _a861.3
_bP745e
245 0 0 _aPoesía española :
_b(siglos XI-XVII). /
_cprólogo Justo García Morales.
260 _aMadrid :
_bLibra,
_c1970.
300 _a185 p. ;
_c17 cm.
490 1 _aPurpura
_v10
650 4 _aPoesía española
_9631
650 4 _aLiteratura española
_9632
700 1 2 _aGarcía Morales, Justo
_eprol.
_932285
830 0 _aPurpura
_n10
_971433
999 _c43105
_d43105